Statistics for Guess the US State by it's Neighbours

Click here to take the quiz!

General Stats

  • This quiz has been taken 18 times
  • The average score is 5 of 20

Answer Stats

Hint Answer % Correct
NOALTEXAS
73%
GNSOUTH CAROLINA
53%
MVMNEW HAMPSHIRE
47%
FSNTAGEORGIA
47%
ANOCALIFORNIA
40%
TAMLOUISIANA
40%
CNUCNARIZONA
33%
IWSNMONTANA
33%
MKVNGAMATENNESSEE
27%
OIWMICHIGAN
27%
WISNMINNESOTA
20%
KMIWIILLINOIS
20%
VKOPMWEST VIRGINIA
13%
ONAUWNKCOLORADO
13%
NANIWCUTAH
13%
NDMWONPENNSYLVANIA
13%
NMNVERMONT
13%
MINWMNSOUTH DAKOTA
7%
MNSMWIIOWA
7%
CNIWOREGON
7%

Score Distribution

Percentile by Number Answered

Percent of People with Each Score

Your Score History

You have not taken this quiz